000 00629nam a2200205 4500
001 117686
003 ES-MaACL
005 20250804062545.0
007 t|
008 070214s1973 sp r ||||1| spa d
100 1 _aPapandreou, Andreas G.
_988865
245 1 3 _aEl capitalismo paternalista /
_cAndreas G. Papandreou ; [traductor: Antonio Masieu].
260 _aMadrid :
_bAlianza,
_c1973.
300 _a200 p. ;
_c18 cm.
490 1 _aEl libro de bolsillo ;
_v450
700 1 _aMasieu, Antonio.
_978721
830 0 3 _aEl libro de bolsillo
_v450
_9177802
852 _aES-MaACL
_jC-53105
_bR.85679
999 _c117686
_d117686